000 00367nam a2200145Ia 4500
008 230312s9999||||xx |||||||||||||| ||und||
020 _a81-203-3486-1
082 _a352.236
_bVAN-L
100 _aVan;Wart,Montgomery
245 0 _aLeadership in Public Organizations
260 _bPHI
_aIndia
_c2008
300 _a322
650 _aManagement
_vLeadership
942 _cBK
999 _c11244
_d11244